[Event "COL Subzt 2.3.4"]
[Site "Risarald"]
[Date "2021.11.26"]
[Round "7"]
[White "De la Hoz, Rafael"]
[Black "Ochoa Parra, Carlos Orlando"]
[Result "1-0"]
[WhiteElo "1541"]
[BlackElo "1860"]
[PlyCount "35"]
[EventDate "2021.11.23"]
[EventType "swiss"]
[EventRounds "9"]
[EventCountry "COL"]
[SourceTitle "CBM 205 Extra"]
[Source "ChessBase"]
[SourceDate "2022.01.31"]
[SourceVersion "1"]
[SourceVersionDate "2022.01.31"]
[SourceQuality "1"]

1. e4 e5 2. c4 Nf6 3. d3 Bc5 4. Be2 h6 5. Nf3 d6 6. Nc3 c6 7. 0-0 0-0 8. a3 a5 9. Bd2 Nbd7 10. Qc1 Re8 11. h3 Nf8 12. Re1 Ng6 13. Bf1 Nh5 14. Be3 Nhf4 15. Qd2 Nxh3+ 16. Kh2 Qf6 17. d4 Ba7 18. b4 1-0

[Event "COL Subzt 2.3.4"]
[Site "Risarald"]
[Date "2021.11.25"]
[Round "4"]
[White "Ochoa Parra, Carlos Orlando"]
[Black "Triana Castro, Francisco Javier"]
[Result "0-1"]
[WhiteElo "1860"]
[BlackElo "1593"]
[PlyCount "86"]
[EventDate "2021.11.23"]
[EventType "swiss"]
[EventRounds "9"]
[EventCountry "COL"]
[SourceTitle "CBM 205 Extra"]
[Source "ChessBase"]
[SourceDate "2022.01.31"]
[SourceVersion "1"]
[SourceVersionDate "2022.01.31"]
[SourceQuality "1"]

1. e4 d5 2. exd5 Qxd5 3. Nc3 Qa5 4. d4 c6 5. Nf3 Bg4 6. h3 Bxf3 7. Qxf3 Nf6 8. Bc4 e6 9. Bd2 Qc7 10. 0-0-0 Nbd7 11. Rhe1 Bd6 12. d5 Ne5 13. Qe2 Nxc4 14. Qxc4 cxd5 15. Qd4 0-0 16. Bg5 Nh5 17. Kb1 Rfc8 18. Qg4 g6 19. Qf3 a6 20. g4 Ng7 21. Qd3 b5 22. h4 Bf4 23. Bf6 Ne8 24. Bd4 Qc4 25. Qf3 Bh6 26. g5 Bg7 27. Bxg7 Nxg7 28. Rd2 Qxh4 29. Qf6 Nh5 30. Qe5 Qf4 31. Qe2 Qxg5 32. Rdd1 Rc4 33. Rg1 Qf5 34. Rd3 Nf4 35. Qf1 Nxd3 36. cxd3 Rd4 37. Rg3 Rf4 38. f3 Rc8 39. Nd1 Qf6 40. Ne3 Rb4 41. Qe2 Qd4 42. Qd2 Rxb2+ 43. Qxb2 Qxe3 0-1

[Event "COL Subzt 2.3.4"]
[Site "Risarald"]
[Date "2021.11.23"]
[Round "1"]
[White "Moreno Hernandez, Andres Mauricio"]
[Black "Ochoa Parra, Carlos Orlando"]
[Result "1-0"]
[WhiteElo "1387"]
[BlackElo "1860"]
[PlyCount "97"]
[EventDate "2021.11.23"]
[EventType "swiss"]
[EventRounds "9"]
[EventCountry "COL"]
[SourceTitle "CBM 205 Extra"]
[Source "ChessBase"]
[SourceDate "2022.01.31"]
[SourceVersion "1"]
[SourceVersionDate "2022.01.31"]
[SourceQuality "1"]

1. e4 e5 2. Nf3 Nc6 3. Bb5 a6 4. Ba4 Nf6 5. d3 b5 6. Bb3 Be7 7. Nc3 d6 8. h3 Na5 9. Be3 Nxb3 10. axb3 0-0 11. Nxb5 Be6 12. Nc3 h6 13. Qd2 Re8 14. 0-0 c5 15. Ne2 Qc7 16. c4 Reb8 17. Qc2 Rb6 18. Nd2 Nd7 19. Rfe1 f5 20. f4 Nb8 21. Rf1 fxe4 22. dxe4 Nc6 23. f5 Bd7 24. Rf3 Kh7 25. Rff1 Nb4 26. Qc3 Bc6 27. Ng3 Bh4 28. Rf3 Qb7 29. Nh5 Rf8 30. Bf2 Bg5 31. Be3 Bh4 32. Bf2 Bxf2+ 33. Rxf2 Bxe4 34. Nxe4 Qxe4 35. Qg3 Rb7 36. Qg6+ Kh8 37. Raf1 Nd3 38. Rf3 Rbf7 39. Rg3 Nf4 40. Nxf4 exf4 41. Rg4 Qd4+ 42. Kh2 Rxf5 43. Rd1 Qe5 44. Rd5 Rg5 45. Rxg5 hxg5 46. Rxe5 dxe5 47. Qxg5 e4 48. Qxc5 Re8 49. Qh5+ 1-0

[Event "Manizales Las Americas op-B"]
[Site "Manizales"]
[Date "2021.10.17"]
[Round "6"]
[White "Ochoa Parra, Carlos Orlando"]
[Black "Tobar Beltran, Jorge Esteban"]
[Result "0-1"]
[WhiteElo "1838"]
[BlackElo "1877"]
[PlyCount "58"]
[EventDate "2021.10.14"]
[EventType "swiss"]
[EventRounds "9"]
[EventCountry "COL"]
[SourceTitle "EXT 2023"]
[Source "ChessBase"]
[SourceDate "2022.10.05"]
[SourceVersion "1"]
[SourceVersionDate "2022.10.05"]
[SourceQuality "1"]

1. e4 e6 2. d4 d5 3. Nc3 Bb4 4. e5 Ne7 5. a3 Bxc3+ 6. bxc3 c5 7. Nf3 Nbc6 8. Be2 Qa5 9. Bd2 Qb6 10. Rb1 Qc7 11. 0-0 Bd7 12. Be3 Nf5 13. Qd2 Rc8 14. Rb2 Nce7 15. Rfb1 cxd4 16. cxd4 b6 17. Ba6 Rd8 18. Bg5 h6 19. Bxe7 Nxe7 20. Rb3 0-0 21. Nh4 Be8 22. Rc3 Qb8 23. g4 Ng6 24. Rh3 f6 25. exf6 Rxf6 26. g5 hxg5 27. Qxg5 Nxh4 28. Qxh4 Rh6 29. Qe7 Rd7 0-1

[Event "Manizales op 26th"]
[Site "Manizales"]
[Date "2017.01.06"]
[Round "4"]
[White "Ochoa Parra, Carlos Orlando"]
[Black "Pelaez, Hernan"]
[Result "1-0"]
[WhiteElo "1617"]
[BlackElo "1758"]
[PlyCount "71"]
[EventDate "2017.01.04"]
[EventType "swiss"]
[EventRounds "9"]
[EventCountry "COL"]
[SourceTitle "CBM 176 Extra"]
[Source "ChessBase"]
[SourceDate "2017.03.02"]
[SourceVersion "1"]
[SourceVersionDate "2017.03.02"]
[SourceQuality "1"]

1. e4 g6 2. d4 Bg7 3. Nc3 c6 4. Be2 d6 5. Be3 Qb6 6. a3 Nf6 7. f4 a5 8. h3 a4 9. Rb1 Nbd7 10. Qd2 Qa5 11. Nf3 b5 12. 0-0 b4 13. axb4 Qxb4 14. e5 Nh5 15. Kh2 Bf8 16. Ng5 Nb6 17. f5 Nc4 18. Bxc4 Qxc4 19. fxg6 fxg6 20. exd6 h6 21. Nf7 Rh7 22. dxe7 Bxe7 23. Nxh6 Bd6+ 24. Kg1 Be6 25. Ne4 Be7 26. Bg5 Bb4 27. c3 Bf8 28. Rxf8+ Kxf8 29. Rf1+ Kg7 30. g4 Qd5 31. Qe3 a3 32. bxa3 Rxh6 33. Bxh6+ Kh8 34. gxh5 Qxh5 35. Ng3 Qxh3 36. Qe5+ 1-0